Nyelv, kép, hatalom

Elmentve itt :
Bibliográfiai részletek
Szerző: Tóth Szergej
Dokumentumtípus: Könyv
Megjelent: Szegedi Egyetemi Kiadó, Juhász Gyula Felsőoktatási Kiadó Szeged 2011
Sorozat:Alkalmazott nyelvészeti mesterfüzetek 4
Kulcsszavak:Totális állam - tanulmányok, Nyelv és politika, Nyelv és ideológia - tanulmányok, Szemiotika - nyelvészeti
Tárgyszavak:
Online Access:http://acta.bibl.u-szeged.hu/40119
LEADER 00840nam a2200205 i 4500
001 acta40119
005 20240603142849.0
008 161201s2011 hu o 000 hun d
020 |a 978 963 9927 40 7 
022 |a 2061-7674 
040 |a SZTE Egyetemi Kiadványok Repozitórium  |b hun 
041 |a hun 
100 1 |a Tóth Szergej 
245 1 0 |a Nyelv, kép, hatalom  |h [elektronikus dokumentum] /  |c  Tóth Szergej 
260 |a Szegedi Egyetemi Kiadó, Juhász Gyula Felsőoktatási Kiadó  |b Szeged  |c 2011 
490 0 |a Alkalmazott nyelvészeti mesterfüzetek  |v 4 
650 4 |a Bölcsészettudományok 
650 4 |a Nyelvek és irodalom 
695 |a Totális állam - tanulmányok, Nyelv és politika, Nyelv és ideológia - tanulmányok, Szemiotika - nyelvészeti 
856 4 0 |u http://acta.bibl.u-szeged.hu/40119/1/alk_nyelv_mest_004.pdf  |z Dokumentum-elérés